Sabrina Carpenter - Paroles Juno - Statistiques

Statistiques générales
  • Ce quiz a été pris 261 fois
  • Le résultat moyen est 281 sur 341
Statistiques - réponses
Hint Réponse % Correct
you
98%
Pré-refrain You
98%
you,
98%
I
97%
mm,
97%
a
96%
ah,
96%
ah
96%
Oh
96%
Oh,
96%
(Oh)
96%
(Oh
96%
oh)
96%
Intro (Ooh,
96%
ooh)
96%
uh
96%
have
95%
Have
95%
me
95%
me,
95%
Juno
93%
make
93%
on
93%
love
92%
One
92%
one?
92%
one
92%
to
91%
try
91%
this
89%
fall
88%
I'm
88%
know
88%
so
88%
in
87%
just
87%
wanna
87%
Wanna
87%
ever
86%
my
86%
tell
86%
Tell
86%
the
86%
tried
86%
then
85%
your
85%
but
84%
for
84%
let
84%
Let
84%
life
84%
want
83%
and
82%
it
82%
who
82%
If
80%
if
80%
touch
80%
explore
79%
only,
79%
only
79%
Bridge Adore
78%
Couplet 1 Don't
78%
Hold
78%
horny
78%
fuckin'
77%
baby,
76%
baby
76%
Give
76%
knows?
75%
positions?
74%
is
73%
Mark
73%
some
73%
tonight
73%
cute,
72%
get
72%
of
72%
right,
72%
territory
72%
'bout
71%
night,
71%
might
70%
(Might)
70%
freaky
69%
thinking
69%
2
68%
at
67%
down
67%
genetics,
67%
late
65%
yeah,
65%
dad's
64%
bless
63%
come
63%
friends,
63%
God
63%
more
63%
than
63%
we
63%
thing
62%
butterflies
61%
high
61%
pink
61%
though?
61%
feel
60%
are
59%
out
59%
like
58%
way
58%
handcuffs?
57%
hear
57%
fuzzy
53%
knockin',
52%
package,
52%
objectified
51%
fit
50%
babe,
49%
fived
49%
hormones
49%
up
49%
lock
47%
showed
46%
ass
45%
myself,
45%
Sorry
44%
Whole
44%
hot
39%
Can't
36%
help
32%
Aucun quiz correspondant
Distribution des résultats
% des personnes avec chaque résultat
Percentile par nombre de réponses
Votre historique - résultats
Vous n’avez pas pris ce quiz